000 00582nam a2200229Ia 4500
003 OSt
005 20220918175808.0
006 a|||||r|||| 00| 0
007 ta
008 220917b |||||||| |||| 00| 0 eng d
024 _a18,965
037 _cTextual
040 _aARTS
_cARTS
_beng
041 _2eng
_aeng
082 _aO111,1:gJ, K6
100 _aPearson Lu Emily
_954887
245 0 _aElizabeth love conventions
260 _c1966
650 _aENGLISH LITERATURE
942 _hO111,1:gJ, K6
_cTEXL
_2CC
999 _c159003
_d159003